000 00300nam a2200121Ia 4500
008 240624s9999 xx 000 0 und d
041 _aeng
082 _a657 KHA
100 _aKHATRI DHANESH K
245 _aACCOUNTING FOR MANAGEMENT
260 _c2015
_aNew Delhi
_bTata McGraw-Hill
365 _cRS
_b33
999 _c26042
_d26042